Các phương pháp của ngôn ngữ học cấu trúc

Mấy vấn đề về phương pháp luận. Phân đoạn. Khu biệt âm vị học. Trường độ của đơn vị. Những yếu tố dài suốt phát ngôn. Âm vị, tiếp tố, tái âm vị hoá

Uloženo v:
Podrobná bibliografie
Hlavní autor: Harris,Z.S
Další autoři: Cao, Xuân Hạo
Médium: Kniha
Jazyk:Undetermined
Vydáno: H. Giáo dục 2001
Témata:
On-line přístup:http://lrc.tdmu.edu.vn/opac/search/detail.asp?aID=2&ID=6575
Tagy: Přidat tag
Žádné tagy, Buďte první, kdo otaguje tento záznam!
Thư viện lưu trữ: Trung tâm Học liệu Trường Đại học Thủ Dầu Một
LEADER 00892nam a2200217Ia 4500
001 TDMU_6575
008 210410s9999 xx 000 0 und d
082 |a 809 
090 |b Z.SH109 
100 |a Harris,Z.S 
245 0 |a Các phương pháp của ngôn ngữ học cấu trúc 
245 0 |c Z.S.Harris 
260 |a H. 
260 |b Giáo dục 
260 |c 2001 
300 |a 395tr 
520 |a Mấy vấn đề về phương pháp luận. Phân đoạn. Khu biệt âm vị học. Trường độ của đơn vị. Những yếu tố dài suốt phát ngôn. Âm vị, tiếp tố, tái âm vị hoá 
650 |a Cấu trúc; Ngôn ngữ học 
700 |a Cao, Xuân Hạo 
856 |u http://lrc.tdmu.edu.vn/opac/search/detail.asp?aID=2&ID=6575 
980 |a Trung tâm Học liệu Trường Đại học Thủ Dầu Một